000
00325nam a2200133Ia 4500
005
20260326235453.0
008
260326s9999||||xx |||||||||||||| ||und||
100
_a
Semenzato, Camillo
245
4
_a
The Rotonda /
_c
Camillo Semenzato
260
_b
Pasqualotto
300
_a
62 p.
650
_a
ARQUITECTURA MODERNA
942
_c
BK
999
_c
7836
_d
7836